• 首页
  • 本馆介绍
  • 公告通知
  • 最新文献
  • 馆藏检索
  • 电子资源
  • 读者导购
  • 参考咨询
  • 我的图书馆
  • 登录
  • 详细信息显示
  • 放入我的书架
  • 预约/预借图书
  • 作者相关作品
  • 分类相关作品
  • 丛书相关作品
  • 出版社相关作品

书目信息

  • 表格格式
  • 工作单格式
  • 卡片格式
题名:
新编超实用家庭万年历
    
 
作者: 双福等 编著
分册:  
出版信息: 北京   化学工业出版社  2016.10
页数: 316页
开本: 26cm
丛书名:
单 册:
中图分类: P195.2
科图分类:
主题词: 历书--中国
电子资源:
ISBN: 978-7-122-28197-5
000 00775nam0 2200217 450
001 5253
005 20181014161323.02
010    @a978-7-122-28197-5@dCNY29.80
100    @a20170328d2016 em y0chiy50 ea
101 0  @achi
102    @aCN@b110000
105    @ay z 000yy
200 1  @a新编超实用家庭万年历@9xin bian chao shi yong jia ting wan nian li@e2017年大字版@f双福等编著
210    @a北京@c化学工业出版社@d2016.10
215    @a316页@d26cm
330    @a本书包括历书详表(公元2017年-2019年)、历书(公元1920年-2050年)、历书简表(公元2051年-2100年)三大历法表,内容涉及阴历、阳历时间、节气、干支、民间传统活动等内容。
606 0  @a历书@y中国
690    @aP195.2@v5
701  0 @a双福等@9shuang fu deng@4编著
801  0 @aCN@b91MARC@c20170328
905    @aMuseLib@dP195.2@e285
    
    新编超实用家庭万年历:2017年大字版/双福等编著.-北京:化学工业出版社,2016.10
    316页;26cm
    
    
    ISBN 978-7-122-28197-5:CNY29.80
    本书包括历书详表(公元2017年-2019年)、历书(公元1920年-2050年)、历书简表(公元2051年-2100年)三大历法表,内容涉及阴历、阳历时间、节气、干支、民间传统活动等内容。
●
相关链接 在E读中查询图书 在五车中查询图书 在当当中查询图书 在豆瓣中查询图书


正题名:新编超实用家庭万年历     索取号:P195.2/285         预约/预借

序号 登录号 条形码 馆藏地/架位号 状态 备注
1 1128829   211288293   第二样本阅览室/ [索取号:P195.2/285] 在馆    
2 1128830   211288300   第三借阅区/ [索取号:P195.2/285] 在馆    
3 1128831   211288319   第三借阅区/ [索取号:P195.2/285] 在馆    
4 1128832   211288328   第三借阅区/ [索取号:P195.2/285] 在馆    
5 1128833   211288337   第三借阅区/ [索取号:P195.2/285] 在馆    
唐山师范学院图书馆 欢迎您!
大连网信软件有限公司© 版权所有